000 01057nam a2200253 i 4500
001 bg
245 0 0 _aMethodological foundations of computer aided and Computer Automated Design :
_bI International Seminar and Workshop, Wrocław, August 23-25, 1993.
260 _aWrocław :
_bOficyna Wydaw. PW,
_c1994.
300 _a222 s. :
_brys. ;
_c24 cm.
490 1 _aPrace Naukowe Instytutu Konstrukcji i Eksploatacji Maszyn Politechniki Wrocławskiej. Konferencje,
_x0324-9646 ;
_v22
500 _aTekst w jęz. ang. i częśc. niem.
500 _aNumeracja ser. gł. : 76.
504 _aBibliogr. przy ref.
650 9 _aProjektowanie
_xautomatyzacja
650 9 _aKomputery
_xstosowanie
_xtechnika
650 9 _aKomputerowe wspomaganie projektowania |(CAD)
655 _aMateriały konferencyjne
830 0 _aPrace Naukowe Instytutu Konstrukcji i Eksploatacji Maszyn Politechniki Wrocławskiej.
_pKonferencje ;
_v22
040 _cBPK
041 0 _aende
080 _a62:681.322.004](061.3)
942 _cKS
008 s pl f |000 0 pol
999 _c30771
_d30771
856 _uhttp://koha.tu.koszalin.pl/cgi-bin/koha/opac-detail.pl?biblionumber=30771
_yKatalog online BPK